000 00284nam a2200109 a 4500
005 20140513081055.0
008 051004s19uu xx 00 eng d
050 _aVCD
_bOs83 2001
245 _aOsmosis Jones :
_bHe's one cell of a guy.
260 _bWarner bros,
_c2001.
999 _c116455
_d116455